000
00269nam a22000977a 4500
999
_c
11193
_d
11193
008
181009b ||||| |||| 00| 0 eng d
020
_a
9788178558035
100
_a
SHARMA R P
_9
5091
245
_a
20 SAMPLE PAPERS IN PHYSICS XII
260
_a
NEW DELHI
_b
ARYA PUBLICATION
_c
2018